Focus: Central America: economies bear fruit (Record no. 65708)
[ view plain ]
| 000 -LEADER | |
|---|---|
| fixed length control field | 00721cam a2200193 4500 |
| 001 - CONTROL NUMBER | |
| control field | ABS63319 |
| 008 - FIXED-LENGTH DATA ELEMENTS--GENERAL INFORMATION | |
| fixed length control field | 000000n2000 000 0 eng u |
| 035 ## - SYSTEM CONTROL NUMBER | |
| System control number | (Sirsi) u110184 |
| 100 ## - MAIN ENTRY--PERSONAL NAME | |
| Personal name | Knutt, E |
| 245 ## - TITLE STATEMENT | |
| Title | Focus: Central America: economies bear fruit |
| 260 ## - PUBLICATION, DISTRIBUTION, ETC. | |
| Date of publication, distribution, etc. | 2000 |
| 490 ## - SERIES STATEMENT | |
| Series statement | Estates Gazette |
| Volume/sequential designation | (0050) 16 December 2000, 66-67(2) |
| 520 ## - SUMMARY, ETC. | |
| Summary, etc. | Report on how the relative stability in the former 'banana republics' of Central America are encouraging multinationals to move in and take advantage of low labour rates and relative proximity to the US and invest in property. |
| 590 ## - LOCAL NOTE (RLIN) | |
| Local note | ABS |
| 650 ## - SUBJECT ADDED ENTRY--TOPICAL TERM | |
| Topical term or geographic name entry element | CENTRAL AMERICA |
| 650 ## - SUBJECT ADDED ENTRY--TOPICAL TERM | |
| Topical term or geographic name entry element | INVESTMENT MARKET |
| 690 ## - LOCAL SUBJECT ADDED ENTRY--TOPICAL TERM (OCLC, RLIN) | |
| Topical term or geographic name as entry element | INTERNATIONAL-AMERICAS |
| 942 ## - ADDED ENTRY ELEMENTS (KOHA) | |
| Suppress in OPAC | 0 |
| Withdrawn status | Lost status | Source of classification or shelving scheme | Damaged status | Not for loan | Home library | Current library | Shelving location | Date acquired | Total Checkouts | Full call number | Barcode | Date last seen | Copy number | Price effective from | Koha item type |
|---|---|---|---|---|---|---|---|---|---|---|---|---|---|---|---|
| Dewey Decimal Classification | London | London | Journal article | 05/01/2001 | ABS63319 | 110184-1001 | 06/08/2019 | 1 | 06/08/2019 | Journal article |